Normal view
MARC view
- Lawrence, M. D. and Others
Entry Personal Name
001 - CONTROL NUMBER
- control field: 74226
003 - CONTROL NUMBER IDENTIFIER
- control field: OSt
005 - DATE AND TIME OF LATEST TRANSACTION
- control field: 20220806112610.0
008 - FIXED-LENGTH DATA ELEMENTS
- fixed length control field: 220806|| aca||aabn | a|a d
040 ## - CATALOGING SOURCE
- Original cataloging agency: OSt
- Transcribing agency: OSt
100 ## - HEADING--PERSONAL NAME
- Personal name: Lawrence, M. D. and Others
670 ## - SOURCE DATA FOUND
- Source citation: Work cat.: (OSt)41342: Lawrence, M. D. and Others, Business Administration - V (Human Resource Management)(Sem.-III), 2014